00635 2200169 4500245005000000020001900050250001100069100002400080650002200104005001900126260004100145041001400186084001100200300002900211500021600240336000900456 aGenerasi ProduktifcAhmad Rifa'i Rif;anhText a978-623-1607-3 aCet. 1 aAhmad Rifa'i Rif;an aPengembangan Diri a20241016124916 aJakartabElex Media Komputindoc2020 aIndonesia a155.25 axiii, 210 hlm. :c23 cm. aBuku ini mengungkap bagaimana rahasia produktifitas dari tokoh-tokoh besar dalam sejarah, cara produktif berkarya di tengah padatnya sekolah dan kuliah, produktif di tengah kesibukan kerja yang tak ada habisnya. atext